Loading...
History - World History | 0 | 5 | 0 | 1 | 50 | 135 | 143.40 | 0 | 0 |
Science - Physics | 0 | 5 | 1 | 2 | 45 | 73 | 118.00 | 1 | 2 |
Beliefs | 1 | 3 | 0 | 1 | 45 | 63 | 128.00 | 1 | 1 |
Science - Other Science | 1 | 3 | 0 | 0 | 45 | 61 | 104.00 | 1 | 4 |
History - European History | 0 | 4 | 0 | 2 | 40 | 113 | 128.75 | 0 | 1 |
History - US History | 0 | 4 | 1 | 1 | 35 | 108 | 129.75 | 1 | 2 |
Fine Arts - Visual Fine Arts | 0 | 2 | 0 | 0 | 20 | 91 | 118.50 | 1 | 1 |
Other Academic | 0 | 2 | 0 | 0 | 20 | 85 | 101.00 | 0 | 0 |
Science - Biology | 0 | 2 | 1 | 1 | 15 | 140 | 141.50 | 0 | 0 |
Fine Arts - Other Fine Arts | 0 | 1 | 0 | 1 | 10 | 140 | 140.00 | 0 | 0 |
Geography | 0 | 2 | 2 | 1 | 10 | 93 | 120.00 | 0 | 1 |
History - Other History | 0 | 1 | 0 | 0 | 10 | 115 | 115.00 | 0 | 1 |
Science - Earth Science | 0 | 1 | 0 | 0 | 10 | 117 | 117.00 | 0 | 1 |
Modern World | 0 | 1 | 1 | 0 | 5 | 71 | 71.00 | 0 | 0 |
Science - Chemistry | 0 | 1 | 1 | 1 | 5 | 130 | 130.00 | 0 | 0 |
Science - Astronomy | 0 | 0 | 0 | 0 | 0 | 0.00 | 0 | 0 | |
Social Science | 0 | 0 | 2 | 0 | -10 | 0.00 | 0 | 0 |